000
00252nam a22000977a 4500
008
221128b |||||||| |||| 00| 0 eng d
020
_a
9789389823974
100
_a
Kibuishi Kazu
_9
7631
245
_a
Amulet-7 ( FireLight)
260
_a
India
_b
Scholastic
_c
2022
999
_c
12160
_d
12160